• 首页
  • 本馆介绍
  • 公告通知
  • 最新文献
  • 馆藏检索
  • 电子资源
  • 读者导购
  • 参考咨询
  • 我的图书馆
  • 登录
  • 详细信息显示
  • 放入我的书架
  • 预约/预借图书
  • 作者相关作品
  • 分类相关作品
  • 丛书相关作品
  • 出版社相关作品

书目信息

  • 表格格式
  • 工作单格式
  • 卡片格式
题名:
后现代主义与社会研究
    
 
作者: 肯迪斯 , 方坦纳 编 ;周晓亮 , 杨深 , 程志民 译
分册:  
出版信息: 重庆   重庆出版社  2006
页数: 321页
开本: 24cm
丛书名: 当代资本主义研究丛书
单 册:
中图分类: C91-06
科图分类:
主题词: 后现代主义--社会学--研究 , 后现代主义 , 社会学
电子资源:
ISBN: 7-5366-7736-7
000 01355oam2 2200337 450
001 1255195567
005 20121004152130.37
010    @a7-5366-7736-7@dCNY37.50
100    @a20060802d2006 em y0chiy50 ea
101 1  @achi@ceng
102    @aCN@b500000
105    @ay z 000yy
200 1  @a后现代主义与社会研究@Ahou xian dai zhu yi yu she hui yan jiu@dPostmodernism and social inquiry@f(美)戴维·R. 肯迪斯(David R. Dickens),(美)安德烈亚·方坦纳(Andrea Fontana)编@g周晓亮,杨深,程志民译@zeng
210    @a重庆@c重庆出版社@d2006
215    @a321页@d24cm
225 2  @a当代资本主义研究丛书
305    @aGuilforel Press授权出版
330    @a本书汇集的论文不仅追求并深化了哲学或理论的兴趣,而且以文献的形式,说明了它们在社会学和人类学研究的现实实践中的种种反响,包括它们的丰硕成果和它们的局限性。
461  0 @12001 @a当代资本主义研究丛书
510 1  @aPostmodernism and social inquiry@zeng
606 0  @a后现代主义@x社会学@x研究
606 0  @a后现代主义
606 0  @a社会学
690    @aC91-06@v4
701  0 @c(美)@a肯迪斯@Aken di si@c(Dickens, David R.)@4编
701  0 @c(美)@a方坦纳@Afang tan na@c(Fontana, Andrea)@4编
702  0 @a周晓亮@Azhou xiao liang@f(1949~)@4译
702  0 @a杨深@Ayang shen@f(1952~)@4译
702  0 @a程志民@Acheng zhi min@f(1945.6~)@4译
801  0 @aCN@bNLC@c20101222
905    @a10447@dC91-06@eJY187
    
    后现代主义与社会研究=Postmodernism and social inquiry/(美)戴维·R. 肯迪斯(David R. Dickens),(美)安德烈亚·方坦纳(Andrea Fontana)编/周晓亮,杨深,程志民译.-重庆:重庆出版社,2006
    321页;24cm.-(当代资本主义研究丛书)
    
    
    ISBN 7-5366-7736-7:CNY37.50
    本书汇集的论文不仅追求并深化了哲学或理论的兴趣,而且以文献的形式,说明了它们在社会学和人类学研究的现实实践中的种种反响,包括它们的丰硕成果和它们的局限性。
●
相关链接 在E读中查询图书 在五车中查询图书 在当当中查询图书 在豆瓣中查询图书


正题名:后现代主义与社会研究     索取号:C91-06/JY187         预约/预借

序号 登录号 条形码 馆藏地/架位号 状态 备注
1 7810650   278106504   学院路分馆/ [索取号:C91-06/JY187] 在馆    
2 7810651   278106513   学院路分馆/ [索取号:C91-06/JY187] 在馆    
唐山师范学院图书馆 欢迎您!
大连网信软件有限公司© 版权所有